| 000 | 03613nam a22002057a 4500 | ||
|---|---|---|---|
| 008 | 170808b xxu||||| |||| 00| 0 eng d | ||
| 020 | _a0-19-521152-9 | ||
| 082 |
_21995 _aDC 333.95137 _bSi5 |
||
| 100 |
_921730 _aSimon, Noel, 1921-2008. |
||
| 245 |
_aNature in danger : _bthreatened habitats and species / _cNoel Simon in association with the World Conservation Monitoring Centre, Cambridge, England. |
||
| 260 |
_aNew York : _bOxford University Press, _c©1995. |
||
| 300 |
_a240 pages : _bcolor illustrations, maps ; _c30 cm. |
||
| 500 | _aIncludes bibliographical references and index. | ||
| 505 | _aRainforests. -- Grasslands. -- Wetlands. -- Islands. -- Deserts. -- Mountains. -- Antarctica. -- Endangered species. -- Mammals. -- Birds. -- Reptiles. -- Invertebrates. -- Plants. -- Great Barrier Reef. Aborigines. -- Acid Rain. -- Africa. -- Alien species. -- Indians. -- Argentina. -- Atlantic. -- Australia. -- Bangladesh. -- Bears. -- Biosphere Reserves. -- Birds. -- Bolivia. -- Botswana. -- Brazil. -- African buffalo. -- Butterflies. -- California. -- Caspian Sea. -- Cats. -- Cattle. -- China. -- Colombia. -- Coral reefs. -- Colonization. -- James Cook. -- Costa Rica. -- Cuba. -- Deer. -- Deforestation. -- Disease. -- Ethiopia. -- Fire. -- Fish. -- Floodplains. -- Forests. -- Glaciers. -- Himalayas. -- Hunting. -- Hydroelectric power. -- Ice Age. -- India. -- Indonesia. -- Insects. -- Irrigation. -- Japan. -- Kangaroos. -- Kazakhstan. -- Kilimanjaro. -- Lakes. -- Logging. -- Madagascar. -- Mangroves. -- Mediterranean. -- Mexico. -- Migrations. -- National Parks. -- Nepal. -- New Zealand. -- North America. -- Oil exploration. -- Pacific Ocean. -- Papua New Guinea. -- Pesticides. -- Poaching. -- Reefs. -- Rehabilitation. -- Rivers. -- Soil Erosion. -- Sudan. -- Switerland. -- Taiwan. -- Tanzania. -- Tasmania. -- Third World. -- Tibetan Plateau. -- Volcanoes. -- Waste disposal. -- Waterfalls. -- Winds. -- Zaire. -- Zambia. -- Zimbabwe. | ||
| 520 | _aIn Nature in Danger, conservation expert Noel Simon offers a detailed picture of the many threats to the natural world, and reveals what we can do to protect the environment from overexploitation. This illustrated and informative volume takes us on a journey to some of the world's most striking climes, from the Okavango Delta to the Tibetan Plateau, and from African savannas to the island of Tristan da Cunha. Simon examines the many varieties of rainforest, from Brazilian Amazonia to the forests of Zaire; wetlands as diverse as the Florida Everglades, the Mekong delta, and the Aral Sea; grasslands from the North American prairies to the Eurasian steppe; mountain ranges from the Rockies and the Andes to the Himalayas and the Alps; reefs and islands such as the Great Barrier Reef, the Galapagos Archipelago, Madagascar, and Hawaii; the world's great deserts; and Antarctica. He describes the flora and fauna of each place he visits, traces the history of human exploitation right up to the present, and outlines ways in which these threats can be met. In addition, the book offers a special section on endangered species, highlighting the perilous circumstances of orangutans, blue whales, the African elephant, the giant panda, and many other animals and plants. Simon describes each species, tells how many remain extant, and outlines what we are doing to save them. Finally, the book includes a glossary of terms, a directory of species names, a bibliography, and an index. | ||
| 650 | 0 |
_921731 _aHabitat (Ecology) |
|
| 650 | 0 |
_921732 _aEndangered species. |
|
| 650 | 0 |
_921733 _aNature conservation. |
|
| 942 |
_2ddc _cDC |
||
| 999 |
_c7180 _d7180 |
||